000
00323nam a2200157Ia 4500
100
_a
Lammle/ Todd
250
_a
1
942
_c
BK
654
_a
computer
245
_a
MCSE Test Success: Networking Ess
260
_b
B.P.B.
_a
NONE
_c
1998
082
_a
4.6
_b
LAM
300
_a
361
546
_a
ENGLISH
999
_c
28882
_d
28882